000 00258nam a2200097Ia 4500
001 874117
005 20250826181310.0
008 250824s9999 xx 000 0 und d
245 0 _aTÜRKLERİN İSLAMLAŞMA SÜRECİ
_cBEKİR BİÇER
260 _bAKÇAĞ YAYINLARI
999 _c874117
_d874117